Talking mathematics in school : studies of teaching and learning
Αποθηκεύτηκε σε:
| Άλλοι συγγραφείς: | , |
|---|---|
| Μορφή: | Βιβλίο |
| Γλώσσα: | English |
| Δημοσίευση: |
Cambridge :
Cambridge University Press,
1998
|
| Σειρά: | Learning in doing
|
| Θέματα: | |
| Ετικέτες: |
Προσθήκη ετικέτας
Δεν υπάρχουν, Καταχωρήστε ετικέτα πρώτοι!
|
MARC
| LEADER | 00000nam a2200000 i 4500 | ||
|---|---|---|---|
| 001 | 1/30105 | ||
| 008 | 021217s1998 eng d | ||
| 020 | |a 0-521-62136-4 | ||
| 035 | |l 10068921 | ||
| 040 | |a GR-MY-UA |b gre |e aacr | ||
| 041 | 0 | |a eng | |
| 082 | 0 | |a 510.71 | |
| 245 | 1 | 0 | |a Talking mathematics in school : |b studies of teaching and learning / |c edited by Magdalene Lampert, Merrie L. Blunk |
| 260 | |a Cambridge : |b Cambridge University Press, |c 1998 | ||
| 300 | |a 259 p. | ||
| 490 | 1 | |a Learning in doing | |
| 650 | 0 | 0 | |a Mathematics |x Study and teaching. |
| 700 | 0 | |a Lampert, Magdalene. |4 edt | |
| 700 | 1 | |a Blunk, Merrie L. |q (Merrie Lynn) |d 1965- |4 edt | |
| 830 | 0 | |a Learning in doing | |
| 852 | |a INST |b RHODES |e 20021217 |h 510.71 TAL |p 005400015922 |q 005400015922 |t BK |y 0 | ||
| 901 | |a BIBL4-2003-1 | ||
| 909 | |a Ρ |b 103174 | ||
| 922 | |a 4ΕΛΗ |b 200212 |c ΕΠΕΑΕΚ2/ΤΕΠΑΕΣ |d ΠΑΠΑΣΩΤΗΡΙΟΥ & ΕΛΕΥΘΕΡΟΥΔΑΚΗΣ | ||
| 950 | |a 096-2002-10-08 | ||
| 970 | |a ΚΟΥΛΑΚΙΟΤΗ |b ΛΙΤΣΑ |z 2003/01/20 | ||